Предложене државне заставе - Statistics

General Stats
  • This quiz has been taken 95 times
  • The average score is 14 of 20
Answer Stats
Picture Hint Answer % Correct
(1777) Сједињене Државе
96%
(1870) Француска
94%
(1604) Уједињено Краљевство
88%
(2008) Белгија
88%
(1947) Пакистан
80%
(2015) Нови Зеланд
78%
(1962) Алжир
78%
(1957) Ирска
76%
(1939) Канада
75%
(1785) Шпанија
75%
(1908) Бразил
74%
(1992) Аустралија
73%
(1821) Мексико
69%
(1990) Хрватска
69%
(1948) Израел
60%
(2006) Боливија
58%
(1949) Кина
49%
(2019) Мјанмар
45%
(1949) Малезија
28%
(1919) Естонија
27%
No matching quizzes found
Score Distribution
Percent of People with Each Score
Percentile by Number Answered
Your Score History
You have not taken this quiz